Indian Partnership Act-1932 (Record no. 3781)

MARC details
000 -LEADER
fixed length control field 00361nam a22001577a 4500
005 - DATE AND TIME OF LATEST TRANSACTION
control field 20180413121255.0
008 - FIXED-LENGTH DATA ELEMENTS--GENERAL INFORMATION
fixed length control field 160624b xxu||||| |||| 00| 0 eng d
041 ## - LANGUAGE CODE
Language code of text/sound track or separate title eng
082 ## - DEWEY DECIMAL CLASSIFICATION NUMBER
Item number 9724
Classification number 348
100 ## - MAIN ENTRY--AUTHOR NAME
Personal name Shukla, T.N.
245 ## - TITLE STATEMENT
Title Indian Partnership Act-1932
260 ## - PUBLICATION, DISTRIBUTION, ETC. (IMPRINT)
Name of publisher Kamal Law House
300 ## - PHYSICAL DESCRIPTION
Number of Pages 60
650 ## - SUBJECT ADDED ENTRY--TOPICAL TERM
Topical Term Management
942 ## - ADDED ENTRY ELEMENTS (KOHA)
Koha item type Books
Holdings
Lost status Damaged status Collection code Home library Current library Shelving location Date acquired Cost, normal purchase price Full call number Accession Number Koha item type
    LAW JRU Library JRU Library SHELF-31-C 24/06/2016 60.00 9724 9724 Books
    LAW JRU Library JRU Library SHELF-31-C 24/06/2016 60.00 9724 9725 Books
    LAW JRU Library JRU Library SHELF-31-C 24/06/2016 60.00 9724 9726 Books
    LAW JRU Library JRU Library SHELF-31-C 24/06/2016 60.00 9724 9727 Books